Countries by Land Size - Versus - Statistics

General Stats
  • This quiz has been taken 1,279 times
  • The average score is 9 of 20
Answers on the Grid
Answers color-coded by a green-red scale on the quiz's grid according to % correct below.
Mongolia
Canada
Dominican Republic
United Kingdom
Russia
United States
Solomon Islands
Cuba
Peru
Sweden
Mexico
Romania
Afghanistan
Libya
Italy
Greece
Tajikistan
Uzbekistan
Indonesia
Kazakhstan
Vatican City
Nauru
Nigeria
Ukraine
Spain
Sudan
Serbia
Slovakia
El Salvador
Panama
Paraguay
Finland
United Arab Emirates
Jamaica
Bahrain
Luxembourg
Belgium
Netherlands
Yemen
Oman
 
Answer Stats
Answer % Correct
Canada
98%
Russia
93%
United Kingdom
86%
Cuba
81%
Mexico
69%
Peru
61%
Italy
57%
Libya
56%
Uzbekistan
52%
Nauru
45%
Kazakhstan
42%
Sudan
30%
Nigeria
25%
Panama
22%
Serbia
22%
Netherlands
15%
United Arab Emirates
14%
Luxembourg
13%
Paraguay
12%
Yemen
12%
No matching quizzes found
Score Distribution
Percent of People with Each Score
Percentile by Number Answered
Your Score History
You have not taken this quiz